|
|
|
|
| LEADER |
00000cam a22000004a 4500 |
| 001 |
musev2_34293 |
| 003 |
MdBmJHUP |
| 005 |
20230905043618.0 |
| 006 |
m o d |
| 007 |
cr||||||||nn|n |
| 008 |
910509t19921992nju o 00 0 eng d |
| 020 |
|
|
|a 9781400862221
|
| 020 |
|
|
|z 9780691068954
|
| 020 |
|
|
|z 9780691604039
|
| 020 |
|
|
|z 9780691633244
|
| 035 |
|
|
|a (OCoLC)889252430
|
| 040 |
|
|
|a MdBmJHUP
|c MdBmJHUP
|
| 245 |
0 |
0 |
|a Neverending Stories :
|b Toward a Critical Narratology /
|c Ann Fehn, Ingeborg Hoesterey, and Maria Tatar, editors.
|
| 264 |
|
1 |
|a Princeton, New Jersey :
|b Princeton University Press,
|c [1992]
|
| 264 |
|
3 |
|a Baltimore, Md. :
|b Project MUSE,
|c 2015
|
| 264 |
|
4 |
|c ©[1992]
|
| 300 |
|
|
|a 1 online resource (292 pages).
|
| 336 |
|
|
|a text
|b txt
|2 rdacontent
|
| 337 |
|
|
|a computer
|b c
|2 rdamedia
|
| 338 |
|
|
|a online resource
|b cr
|2 rdacarrier
|
| 490 |
0 |
|
|a Princeton legacy library
|
| 505 |
0 |
|
|a Between history and fiction : on Dorrit Cohn's poetics of prose / Thomas Pavel -- Fictionality in historiography and the novel / Paul Michael Lützeler -- Fictionality, historicity, and textual authority : Pater, Woolf, Hildesheimer / Judith Ryan -- Mocking a mock-biography : Steven Millhauser's Edwin Mullhouse and Thomas Mann's Doctor Faustus / Jens Rieckmann -- Habsburg letters : the disciplinary dynamics of epistolary narrative in the correspondence of Maria Theresa and Marie Antoinette / Larry Wolff -- Authenticity as mask : Wolfgang Hildesheimer's Marbot / Käte Hamburger -- Interpretive strategies, interior monologues / Shlomith Rimmon-Kenan -- Consonant and dissonant closure in Death in Venice and The dead / Franz K. Stanzel -- Identity by Metaphors : A portrait.
|
| 505 |
0 |
|
|a Identity by metaphors : A portrait of the artist and Tonio Kröger / John Neubauer -- Patterns of justification in Young Törless / Stanley Corngold -- Crossing the gender wall : narrative strategies in GDR fictions of sexual metamorphosis / Gail Finney -- Feminist intertextuality and the laugh of the mother : Leonora Carrington's Hearing trumpet / Susan Rubin Suleiman -- Telling differences : parents vs. children in "The Juniper Tree" / Maria Tatar -- No no Nana : the novel as foreplay / David Mickelsen -- Contingency / David E. Wellbery -- A narratological exchange / Dorreit Cohn and Gerard Genette.
|
| 546 |
|
|
|a English.
|
| 588 |
|
|
|a Description based on print version record.
|
| 650 |
|
7 |
|a Narration (Rhetoric)
|2 fast
|0 (OCoLC)fst01032927
|
| 650 |
|
7 |
|a Fiction
|x Technique.
|2 fast
|0 (OCoLC)fst00923755
|
| 650 |
|
7 |
|a REFERENCE
|x Writing Skills.
|2 bisacsh
|
| 650 |
|
7 |
|a LANGUAGE ARTS & DISCIPLINES
|x Rhetoric.
|2 bisacsh
|
| 650 |
|
7 |
|a LANGUAGE ARTS & DISCIPLINES
|x Composition & Creative Writing.
|2 bisacsh
|
| 650 |
|
6 |
|a Narration.
|
| 650 |
|
0 |
|a Fiction
|x Technique.
|
| 650 |
|
0 |
|a Narration (Rhetoric)
|
| 655 |
|
7 |
|a Electronic books.
|2 local
|
| 700 |
1 |
|
|a Tatar, Maria,
|d 1945-
|e editor.
|
| 700 |
1 |
|
|a Hoesterey, Ingeborg,
|e editor.
|
| 700 |
1 |
|
|a Fehn, Ann Clark,
|e editor.
|
| 710 |
2 |
|
|a Project Muse.
|e distributor
|
| 830 |
|
0 |
|a Book collections on Project MUSE.
|
| 856 |
4 |
0 |
|z Texto completo
|u https://projectmuse.uam.elogim.com/book/34293/
|
| 945 |
|
|
|a Project MUSE - Custom Collection
|
| 945 |
|
|
|a Project MUSE - Archive Complete Supplement III
|
| 945 |
|
|
|a Project MUSE - Archive Literature Supplement III
|